V prospech ľudu Rozvoj vodného hospodárstva v krajinách RVHP

Bibliographic Details
Main Author: Frumkin, Boris (Author)
Format: Article
Language:Slovak
Subjects:

MARC

LEADER 00000nab a2200000 a 4500
001 vtls000045272
003 SK-MaSNL
005 20260303234513.0
008 111103c1979 xo 0 slo
015 |a SNBRB19rr/mm-uuuuu 
035 |a CL0055367 
040 |a SNKBUCL  |b slo  |c SNKBUCL  |e AACR2 
041 0 |a slo 
044 |a xo  |c SK 
080 |a 339.923:061.1(4-11)  |2 1981 
080 |a 061.1(4-11)  |2 1981 
080 |a 628  |2 1981 
100 1 |a Frumkin, Boris  |4 aut  |9 1013527 
245 1 0 |a V prospech ľudu  |b Rozvoj vodného hospodárstva v krajinách RVHP  |c Boris Frumkin 
650 0 7 |a Rada vzájomnej hospodárskej pomoci  |2 snkbucl  |9 920973 
650 0 7 |a vodné hospodárstvo  |2 snkbucl  |9 759 
655 7 |a články z novín a časopisov  |2 snkbucl  |9 267496 
773 0 |t Pravda  |g Roč. 60, č. 300 (20. 12. 1979), s. 6 
850 |a Slovenská národná knižnica v Martine  |a MTA001 
852 |a SNK  |b KIS3GCP 
958 |a RK 
992 |a RBX 
999 |c 2521079  |d 2523009